Researching mathematics classrooms: a critical examination of methodology

Saved in:
Bibliographic Details
Main Authors: Goodchild, Simon (Author), English, Lyn (Author)
Format: Book
Language:English
Published: Westport Praeger Publishers 2002
Edition:1a. ed
Subjects:
Tags: Add Tag
No Tags, Be the first to tag this record!

MARC

LEADER 00000cam a2200000 a 4500
001 UCE3177
003 CL-VaPUC
008 140821e20020000us |||||||||||||||||eng|d
020 |a 1567506666 
082 0 4 |a 510.71  |b GOO  |2 21 
100 0 |a Goodchild, Simon  |e author  |9 575667 
700 0 |a English, Lyn  |e author  |9 575668 
245 1 0 |a Researching mathematics classrooms: a critical examination of methodology 
250 |a 1a. ed 
300 |a 218 p 
942 |c BK 
945 |d 20140821 14:35:00  |a dcastane 
260 |a Westport  |b Praeger Publishers  |c 2002 
650 0 |a Matemática  |9 260235 
650 0 |a Métodos de enseñanza  |9 270413 
583 |a last modification  |c 20140821 14:35:00  |k Rodrigo Vera 
999 |c 356601  |d 356599 
952 |0 0  |1 0  |2 ddc  |3 erd  |4 0  |6 510_710000000000000_GOO_2002  |7 0  |8 A  |9 464051  |a BIBMAT  |b BIBMAT  |c E_DIDACT  |i 5110319  |o 510.71 GOO 2002  |p 5110319  |r 2025-01-07  |w 2019-11-23  |y BK  |z Catalogado en:20140821  |k MAT